Bioactive compounds from natural sources : natural products as lead compounds in drug discovery
Αποθηκεύτηκε σε:
| Άλλοι συγγραφείς: | |
|---|---|
| Μορφή: | Βιβλίο |
| Γλώσσα: | English |
| Δημοσίευση: |
Boca Raton :
CRC Press,
c2012.
|
| Έκδοση: | 2η έκδ. |
| Θέματα: | |
| Ετικέτες: |
Προσθήκη ετικέτας
Δεν υπάρχουν, Καταχωρήστε ετικέτα πρώτοι!
|
MARC
| LEADER | 00000cam a2200000 a 4500 | ||
|---|---|---|---|
| 001 | 1/111168 | ||
| 008 | 160623s2012####us | ||| |||| ||eng|| | ||
| 020 | |a 9781439822296 |q (hbk) | ||
| 040 | |a GR-MyUa |b gre |c GR-MyUa |e AACR2 | ||
| 041 | 0 | |a eng | |
| 082 | 7 | |a 615.321 |2 (23) | |
| 245 | 0 | 0 | |a Bioactive compounds from natural sources : |b natural products as lead compounds in drug discovery / |c edited by Corrado Tringali. |
| 250 | |a 2η έκδ. | ||
| 260 | |a Boca Raton : |b CRC Press, |c c2012. | ||
| 300 | |a xv, 622 σ. : |b σχ. ; |c 24 εκ. | ||
| 504 | |a Περιλαμβάνει βιβλιογραφία και ευρετήριο. | ||
| 650 | 0 | |a Pharmacognosy. | |
| 650 | 0 | |a Natural products. | |
| 700 | 1 | |a Tringali, Corrado, |e edt | |
| 852 | |a INST |b LEMNOS |e 20160623 |h 615.321 BIO |p 005600001733 |q 005600001733 |t BK |y 0 | ||
| 922 | |a 6ΕΛΗ |b 2016/06 |c ΤΑΚ/ΤΕΤΔ |d Liberal Books | ||
| 970 | |a Μοσχόβη |b Ευαγγελία |z 23/06/2016 | ||